| 000 | 00473nam a2200157 4500 | ||
|---|---|---|---|
| 001 | 140452 | ||
| 003 | ES-MaACL | ||
| 005 | 20230906200059.0 | ||
| 007 | t| | ||
| 008 | 070214s1964 sp r ||||1| spa d | ||
| 245 | 0 | 0 | _aSeguridad Social... |
| 260 |
_aBarcelona : _bLegislación Social Vigente, _c1964. |
||
| 300 |
_a3 h., 27, III, 78, III, 39 p. ; _c21 cm. |
||
| 710 | 1 |
_aEspaƱa. _bMinisterio de Trabajo y Seguridad Social. _93936 |
|
| 852 |
_aES-MaACL _jC-32743 _bR.63506 |
||
| 999 |
_c140452 _d140452 |
||